Nghiên cứu xây dựng chương trình huấn luyện thể lực cho vận động viên đội tuyển bóng chuyền nữ trường Đại học Cần Thơ : Báo cáo tổng kết đề tài Khoa học và Công nghệ cấp trường

Đánh giá thực trạng thể lực và xây dựng chương trình huấn luyện của vận động viên đội tuyển bóng chuyền nữ trường Đại học Cần Thơ.

Spremljeno u:
Bibliografski detalji
Glavni autor: Nguyễn, Hữu Tri
Format: Knjiga
Jezik:Undetermined
Izdano: Cần Thơ Trường Đại học Cần Thơ 2017
Teme:
Oznake: Dodaj oznaku
Bez oznaka, Budi prvi tko označuje ovaj zapis!
Thư viện lưu trữ: Trung tâm Học liệu Trường Đại học Cần Thơ
LEADER 01085nam a2200205Ia 4500
001 CTU_230122
008 210402s9999 xx 000 0 und d
082 |a 796.325077 
082 |b Tr300 
100 |a Nguyễn, Hữu Tri 
245 0 |a Nghiên cứu xây dựng chương trình huấn luyện thể lực cho vận động viên đội tuyển bóng chuyền nữ trường Đại học Cần Thơ : 
245 0 |b Báo cáo tổng kết đề tài Khoa học và Công nghệ cấp trường 
245 0 |c Nguyễn Hữu Tri (Chủ nhiệm đề tài) 
260 |a Cần Thơ 
260 |b Trường Đại học Cần Thơ 
260 |c 2017 
520 |a Đánh giá thực trạng thể lực và xây dựng chương trình huấn luyện của vận động viên đội tuyển bóng chuyền nữ trường Đại học Cần Thơ. 
650 |a Bóng chuyền,Volleyball 
910 |b nthai 
980 |a Trung tâm Học liệu Trường Đại học Cần Thơ